书目信息 |
| 题名: |
巴纳比·鲁吉
|
|
| 作者: | 高殿森 , 程海波 , 高清正 译 | |
| 分册: | ||
| 出版信息: | 上海 上海译文出版社 1990 |
|
| 页数: | 721页 | |
| 开本: | 20cm | |
| 丛书名: | ||
| 单 册: | ||
| 中图分类: | O61 , I561.44 | |
| 科图分类: | ||
| 主题词: | 文学 | |
| 电子资源: | ||
| ISBN: | 7-5327-0773-3 | |
| 000 | 00701nam0 2200241 450 | |
| 001 | 0754114953 | |
| 005 | 20071003094949.10 | |
| 010 | @a7-5327-0773-3@dCNY10.75 | |
| 100 | @a20070929d1990 km y0chiy0120 ea | |
| 101 | 0 | @achi |
| 102 | @aCN@b310000 | |
| 200 | 1 | @a巴纳比·鲁吉@Aba na bi·lu ji@f高殿森,程海波,高清正译@Fgao dian sen,cheng hai bo,gao qing zheng yi@g@G |
| 210 | @a上海@c上海译文出版社@d1990 | |
| 215 | @a721页@c插图@d20cm | |
| 300 | @a狄更斯文集 | |
| 606 | 0 | @a文学 |
| 690 | @aO61@v3 | |
| 690 | @aI561.44@v4 | |
| 701 | 0 | @a高殿森@Agao dian sen@4译 |
| 701 | 0 | @a程海波@Acheng hai bo@4译 |
| 701 | 0 | @a高清正@Agao qing zheng@4译 |
| 801 | 0 | @aCN@bPFT@c20071003 |
| 905 | @dI561.44@e260 | |
| 巴纳比·鲁吉/高殿森,程海波,高清正译.-上海:上海译文出版社,1990 |
| 721页:插图;20cm |
| 狄更斯文集 |
| ISBN 7-5327-0773-3:CNY10.75 |
| ● |
| 相关链接 |
|
|
|
|
正题名:巴纳比·鲁吉
索取号:I561.44/260
 
预约/预借
| 序号 | 登录号 | 条形码 | 馆藏地/架位号 | 状态 | 备注 |
| 1 | 0246480 | 202465304 | 第二借阅区/ [索取号:I561.44/260] | 在馆 |